|
|
|
|
| LEADER |
00000nam a2200000Ii 4500 |
| 001 |
DIGEDUNAV0020 |
| 003 |
NyNyDIG |
| 006 |
m o d |
| 007 |
cr ||||||||||| |
| 008 |
220606s2009 sp a o 000 0 spa d |
| 035 |
|
|
|a (OCoLC)847598082
|
| 040 |
|
|
|a DGITA
|b eng
|e rda
|e pn
|c DGITA
|
| 020 |
|
|
|z 9788431326555
|
| 050 |
1 |
4 |
|a HB171.5 ebook
|
| 082 |
0 |
4 |
|a 330
|
| 100 |
1 |
|
|a Vara Miguel, Alfonso,
|e author.
|
| 245 |
1 |
0 |
|a Economía básica para comunicadores /
|c Alfonso Vara Miguel.
|
| 264 |
|
1 |
|a Pamplona, España :
|b EUNSA, Ediciones Universidad de Navarra,
|c [2009]
|
| 300 |
|
|
|a 1 online resource :
|b illustrations.
|
| 336 |
|
|
|a text
|b txt
|2 rdacontent
|
| 337 |
|
|
|a computer
|b c
|2 rdamedia
|
| 338 |
|
|
|a online resource
|b cr
|2 rdacarrier
|
| 347 |
|
|
|a text file
|2 rdaft
|
| 347 |
|
|
|b PDF
|
| 490 |
1 |
|
|a Colección Comunicación. Manuales
|
| 588 |
0 |
|
|a Online resource; title from PDF title page (Digitalia, viewed June 6, 2022)
|
| 650 |
|
0 |
|a Economics.
|
| 650 |
|
0 |
|a Journalism
|x Economic aspects.
|
| 650 |
|
0 |
|a Journalism, Commercial.
|
| 655 |
|
0 |
|a Electronic books.
|
| 791 |
2 |
|
|a Digitalia (Firm),
|e distributor.
|
| 793 |
0 |
|
|g Digitalia eBook Collection:
|a Ediciones Universidad de Navarra
|
| 776 |
0 |
8 |
|i Print version:
|a Vara Miguel, Alfonso.
|t Economía básica para comunicadores.
|b Tercera edición corregida.
|d Pamplona, España : EUNSA, Ediciones Universidad de Navarra, [2009]
|z 9788431326555
|
| 830 |
|
0 |
|a Colección Comunicación (Pamplona, Spain)
|p Manuales.
|
| 856 |
4 |
0 |
|3 Digitalia Hispánica
|u https://www.digitaliapublishing.com/a/51315/
|
| 910 |
|
|
|a Premium collection: 2022
|